| 000 | 00857nam a2200265 a 4500 | ||
|---|---|---|---|
| 005 | 20210223123801.0 | ||
| 008 | 991125n 000 0 spa u | ||
| 035 | _aUPN01000064071 | ||
| 100 | 1 |
_aGranja Castro, Josefina _933081 |
|
| 222 | _aREVISTA DE LA EDUCACION SUPERIOR | ||
| 245 | _aAnálisis sobre las posibilidades de permanencia y egreso en cuatro instituciones de educación superior del Distrito Federal : 1960-1978 | ||
| 300 | _a5-35 | ||
| 362 | 0 | _a1983 Vol. 12, no. 3(47), jul.-sep. | |
| 653 | 0 | _aCALIDAD EDUCATIVA | |
| 653 | 0 | _aDEMANDA EDUCATIVA | |
| 653 | 0 | _aEDUCACION SUPERIOR | |
| 653 | 0 | _aMATRICULA ESCOLAR | |
| 653 | 0 | _aSISTEMA EDUCATIVO | |
| 653 | 0 | _aUNIVERSIDADES | |
| 700 | 1 | _aJuárez González, Rocío, | |
| 700 | 1 | _ecoaut. | |
| 700 | 1 |
_aIbarrola Nicolín, María de _928556 |
|
| 700 | 1 | _ecoaut. | |
| 905 | _aArticulo | ||
| 999 |
_c62424 _d62424 |
||